[Event "Roncana op-A 13th"]
[Site "Santa Eulalia de Roncana"]
[Date "2019.11.16"]
[Round "7"]
[White "Fernandez Herrera, Aleix"]
[Black "Castaneda Munoz, Antonio"]
[Result "1-0"]
[WhiteElo "1601"]
[BlackElo "1603"]
[PlyCount "129"]
[EventDate "2019.09.28"]
[EventType "swiss"]
[EventRounds "8"]
[EventCountry "ESP"]
[SourceTitle "CBM 193 Extra"]
[Source "ChessBase"]
[SourceDate "2020.01.31"]
[SourceVersion "1"]
[SourceVersionDate "2020.01.31"]
[SourceQuality "1"]

1. e4 e5 2. Nf3 Nf6 3. Nxe5 d6 4. Nf3 Nxe4 5. Nc3 Nxc3 6. dxc3 Be7 7. Bc4 0-0 8. Be3 Be6 9. Bd3 Nc6 10. Qd2 Qd7 11. 0-0-0 Ne5 12. Nxe5 dxe5 13. Bxh7+ Kxh7 14. Qxd7 Bxd7 15. Rxd7 Bd6 16. g3 Kg6 17. f4 Kf5 18. fxe5 Kxe5 19. Bf4+ Ke6 20. Bxd6 Kxd7 21. Bxf8 Rxf8 22. b4 Re8 23. Kd2 Kd6 24. Rf1 f6 25. h4 Kd5 26. Kd3 b5 27. Rf4 Re1 28. c4+ bxc4+ 29. Rxc4 Rd1+ 30. Kc3 c6 31. Rg4 g5 32. hxg5 fxg5 33. Rxg5+ Kd6 34. Rg8 Ra1 35. Kb2 Rg1 36. Rg7 Kd5 37. Kb3 Rb1+ 38. Ka3 Kc4 39. Rxa7 Rg1 40. Rg7 Rc1 41. Rg6 Kb5 42. Rg5+ Kb6 43. Kb2 Re1 44. a4 Re4 45. Kb3 Re1 46. Rg4 Re5 47. Rc4 Re3+ 48. Rc3 Re1 49. a5+ Kb7 50. Rd3 Rb1+ 51. Kc4 Re1 52. Rd7+ Ka6 53. Kc5 Rc1 54. c4 Rg1 55. Kxc6 Rxg3 56. Rd6 Rg4 57. Kc7+ Ka7 58. Rc6 Rg7+ 59. Kd8 Rg8+ 60. Ke7 Rg7+ 61. Kf6 Rh7 62. b5 Rb7 63. b6+ Kb8 64. a6 Rh7 65. a7+ 1-0

[Event "Roncana op-A 13th"]
[Site "Santa Eulalia de Roncana"]
[Date "2019.10.26"]
[Round "5"]
[White "Castaneda Munoz, Antonio"]
[Black "Asatryan, Levon"]
[Result "0-1"]
[WhiteElo "1603"]
[BlackElo "1545"]
[PlyCount "118"]
[EventDate "2019.09.28"]
[EventType "swiss"]
[EventRounds "8"]
[EventCountry "ESP"]
[SourceTitle "CBM 193 Extra"]
[Source "ChessBase"]
[SourceDate "2020.01.31"]
[SourceVersion "1"]
[SourceVersionDate "2020.01.31"]
[SourceQuality "1"]

1. e4 d5 2. exd5 Qxd5 3. Nc3 Qa5 4. Bc4 Nf6 5. d3 c6 6. Nge2 Bg4 7. f3 Bh5 8. Bd2 Qb6 9. Qc1 e6 10. Be3 Qc7 11. Nf4 Bd6 12. Qd2 Nbd7 13. 0-0-0 a5 14. Rde1 b5 15. Bxe6 fxe6 16. Nxe6 Qb7 17. Nxg7+ Kd8 18. Bg5 Kc8 19. Re6 Qc7 20. Ne4 Nxe4 21. dxe4 Rg8 22. Rxd6 Rxg7 23. Bf4 Qb6 24. Qc3 Rg6 25. Qh8+ Qd8 26. Qxh7 Rxd6 27. Bxd6 Qg5+ 28. f4 Qxg2 29. Re1 Qxh2 30. Qh6 Qf2 31. Rh1 Bf3 32. Qh7 Bxh1 33. Qxh1 Qe3+ 34. Kb1 Kb7 35. b3 Re8 36. e5 Qxf4 37. Qh7 Qg4 38. Qf7 Qe6 39. Qh7 Kc8 40. Ka1 Qg8 41. Qf5 Qe6 42. Qh7 Kb7 43. c4 Ka6 44. cxb5+ cxb5 45. a4 bxa4 46. Qd3+ Kb7 47. Qe4+ Ka7 48. Qxa4 Ka6 49. Qc6+ Nb6 50. Qc3 Rc8 51. Qd3+ Ka7 52. Kb2 Rc6 53. Qh7+ Qd7 54. Qg8 Qc8 55. Qf7+ Ka8 56. Qf2 Rc1 57. Qg2+ Ka7 58. Qg7+ Ka6 59. Qg3 Qc2+ 0-1

[Event "Sabadell op-C 12th"]
[Site "Sabadell"]
[Date "2019.09.10"]
[Round "9.14"]
[White "Castaneda Munoz, Antonio"]
[Black "Tortosa Moros, Joan"]
[Result "0-1"]
[WhiteElo "1603"]
[BlackElo "1647"]
[PlyCount "136"]
[EventDate "2019.09.02"]
[EventType "swiss"]
[EventRounds "9"]
[EventCountry "ESP"]
[SourceTitle "EXT 2024"]
[Source "ChessBase"]
[SourceDate "2023.10.10"]
[SourceVersion "1"]
[SourceVersionDate "2023.10.10"]
[SourceQuality "1"]

1. d4 Nf6 2. Nf3 e6 3. Bf4 d5 4. e3 c5 5. c3 Nc6 6. Nbd2 Be7 7. Bd3 c4 8. Bc2 0-0 9. 0-0 Nh5 10. Bxh7+ Kxh7 11. Ng5+ Bxg5 12. Qxh5+ Bh6 13. Nf3 f6 14. Nd2 Qe8 15. Qf3 Bxf4 16. exf4 Ne7 17. Rfe1 f5 18. Qh3+ Kg8 19. Nf3 Rf6 20. Ng5 Rh6 21. Qg3 Qh5 22. h3 Bd7 23. Qe3 Re8 24. b3 a6 25. bxc4 dxc4 26. a4 Nd5 27. Qd2 Rg6 28. g3 Nf6 29. h4 Nh7 30. Rab1 Nxg5 31. fxg5 Bc6 32. Qe3 Qf3 33. Qxf3 Bxf3 34. a5 f4 35. Re5 fxg3 36. fxg3 Re7 37. Rb4 Rc7 38. Rb6 Bg4 39. d5 Rc5 40. Kf2 Kh7 41. Ke3 exd5 42. Rxb7 Rxa5 43. Kf4 Re6 44. Re7 Rxe7 45. Rxe7 Bd1 46. Re1 Bc2 47. h5 Kg8 48. g6 Kf8 49. Re5 Rb5 50. Re6 a5 51. g4 a4 52. Ra6 Rb1 53. g5 Rf1+ 54. Ke5 Re1+ 55. Kd6 Re8 56. Kxd5 Bb3 57. h6 Rd8+ 58. Kc6 gxh6 59. gxh6 Bc2 60. Kc7 Re8 61. Rf6+ Kg8 62. Kd7 Ra8 63. h7+ Kg7 64. Re6 Bf5 65. Kd6 Bxe6 66. Kxe6 Kxg6 67. Kd5 a3 68. h8Q Rxh8 0-1

[Event "Barcelona Sants op 21st"]
[Site "Barcelona"]
[Date "2019.08.24"]
[Round "2"]
[White "Castaneda Munoz, Antonio"]
[Black "Planella Zavala, Ivan"]
[Result "0-1"]
[WhiteElo "1604"]
[BlackElo "1479"]
[PlyCount "40"]
[EventDate "2019.08.23"]
[EventType "swiss"]
[EventRounds "10"]
[EventCountry "ESP"]
[SourceTitle "EXT 2020"]
[Source "ChessBase"]
[SourceDate "2019.10.17"]
[SourceVersion "1"]
[SourceVersionDate "2019.10.17"]
[SourceQuality "1"]

1. e4 e5 2. f4 d6 3. Nf3 Nc6 4. f5 Nf6 5. d3 Be7 6. Bg5 b6 7. Be2 Bb7 8. Nc3 Nd4 9. Nxd4 exd4 10. Bxf6 Bxf6 11. Nd5 Bxd5 12. exd5 Qd7 13. 0-0 Qb5 14. b3 0-0 15. Qd2 Rae8 16. c4 dxc3 17. Qc2 Qxd5 18. Bf3 Qxf5 19. Bc6 Qc5+ 20. Kh1 Qxc6 0-1

[Event "Llinars del Valles op-B 13th"]
[Site "Llinars del Valles"]
[Date "2019.04.27"]
[Round "3"]
[White "Alcantara Ruiz, Natalia"]
[Black "Castaneda Munoz, Antonio"]
[Result "1/2-1/2"]
[WhiteElo "1356"]
[BlackElo "1615"]
[PlyCount "144"]
[EventDate "2019.03.30"]
[EventType "swiss"]
[EventRounds "8"]
[EventCountry "ESP"]
[SourceTitle "EXT 2020"]
[Source "ChessBase"]
[SourceDate "2019.10.17"]
[SourceVersion "1"]
[SourceVersionDate "2019.10.17"]
[SourceQuality "1"]

1. e4 c5 2. Nc3 e5 3. Bc4 Nf6 4. d3 Nc6 5. f4 d6 6. h3 a6 7. a3 g6 8. Nge2 Nh5 9. 0-0 Nd4 10. fxe5 Nxe2+ 11. Nxe2 Be6 12. Bxe6 fxe6 13. exd6 Qxd6 14. Qe1 0-0-0 15. Rb1 Be7 16. Be3 Rhf8 17. Rxf8 Rxf8 18. b4 Qe5 19. Qc3 Qxc3 20. Nxc3 cxb4 21. axb4 Ng3 22. b5 a5 23. Re1 Bb4 24. Bd2 Kc7 25. Nb1 Bc5+ 26. Kh2 Nf1+ 27. Kh1 a4 28. Bc1 e5 29. Na3 Ng3+ 30. Kh2 Bf2 31. Rd1 Ne2 32. Bb2 Bg3+ 33. Kh1 Rf2 34. Nc4 Nd4 35. Bxd4 exd4 36. Na3 Kb6 37. Rb1 Kc7 38. Kg1 Rd2 39. Rc1 Bf4 40. Rf1 g5 41. b6+ Kc6 42. Rb1 Bd6 43. Ra1 Bxa3 44. Rxa3 Kb5 45. Ra2 Kxb6 46. Rxa4 Rxc2 47. Rxd4 Ka7 48. e5 b5 49. Rd7+ Kb6 50. Kf1 b4 51. e6 Rc6 52. e7 Rf6+ 53. Kg1 Re6 54. Rd6+ Rxd6 55. e8Q Rxd3 56. Qe6+ Kc5 57. Qf5+ Kc4 58. Qxg5 Kc3 59. Qc1+ Kd4 60. Qb2+ Kc4 61. Kf2 b3 62. Ke2 Rg3 63. Kd1 Rc3 64. Kd2 Rc2+ 65. Qxc2+ bxc2 66. Kxc2 Kd4 67. Kd2 Ke4 68. Ke2 Kf4 69. Kf2 h5 70. g3+ Ke4 71. Ke2 Kf5 72. Kf3 Kg5 1/2-1/2

[Event "Sabadell Coral Colon op 13th"]
[Site "Sabadell"]
[Date "2019.02.22"]
[Round "1"]
[White "Castaneda Munoz, Antonio"]
[Black "Bernado Lopez, Roger"]
[Result "0-1"]
[WhiteElo "1615"]
[BlackElo "1936"]
[PlyCount "55"]
[EventDate "2019.02.22"]
[EventType "swiss"]
[EventRounds "8"]
[EventCountry "ESP"]
[SourceTitle "CBM 190 Extra"]
[Source "ChessBase"]
[SourceDate "2019.07.15"]
[SourceVersion "1"]
[SourceVersionDate "2019.07.15"]
[SourceQuality "1"]

1. e4 c5 2. Nf3 e6 3. d3 d6 4. g3 Nf6 5. Bg2 Nc6 6. 0-0 Be7 7. Re1 Qc7 8. Nbd2 0-0 9. Nf1 b5 10. h4 Bb7 11. c3 Rac8 12. d4 cxd4 13. cxd4 Nb4 14. Bf4 Bxe4 15. Ne3 Nd3 16. Re2 Nxf4 17. gxf4 Qb7 18. Ng5 Bxg2 19. Nxg2 h6 20. Re3 Qd5 21. Qe2 Rfd8 22. Rh3 Qf5 23. Ne3 Qg6 24. h5 Nxh5 25. Rxh5 hxg5 26. Kg2 gxf4+ 27. Ng4 f5 28. f3 0-1

[Event "Barcelona Canovelles U2200 op"]
[Site "Barcelona"]
[Date "2018.12.27"]
[Round "1.1"]
[White "Villar Reymundo, Juan Antonio"]
[Black "Castaneda Munoz, Antonio"]
[Result "1-0"]
[WhiteElo "2198"]
[BlackElo "1631"]
[PlyCount "41"]
[EventDate "2018.12.27"]
[EventType "swiss"]
[EventRounds "8"]
[EventCountry "ESP"]
[SourceTitle "EXT 2024"]
[Source "ChessBase"]
[SourceDate "2023.10.10"]
[SourceVersion "1"]
[SourceVersionDate "2023.10.10"]
[SourceQuality "1"]

1. d4 d5 2. c4 c6 3. Nc3 Nf6 4. e3 e6 5. Nf3 Nbd7 6. Bd2 Bb4 7. Bd3 0-0 8. 0-0 Nb6 9. b3 Qc7 10. Rc1 a5 11. Ne5 c5 12. cxd5 exd5 13. f4 Bxc3 14. Rxc3 Nbd7 15. Qc2 b6 16. Nxd7 Qxd7 17. dxc5 Qe6 18. cxb6 Ng4 19. h3 Nxe3 20. Bxh7+ Kh8 21. Rxe3 1-0

[Event "Roncana op-A 12th"]
[Site "Santa Eulalia de Roncana"]
[Date "2018.11.03"]
[Round "5"]
[White "Costa Trave, Jaume"]
[Black "Castaneda Munoz, Antonio"]
[Result "1-0"]
[WhiteElo "1768"]
[BlackElo "1655"]
[PlyCount "59"]
[EventDate "2018.09.29"]
[EventType "swiss"]
[EventRounds "8"]
[EventCountry "ESP"]
[SourceTitle "CBM 187 Extra"]
[Source "ChessBase"]
[SourceDate "2018.11.04"]
[SourceVersion "1"]
[SourceVersionDate "2018.11.04"]
[SourceQuality "1"]

1. f4 d5 2. Nf3 g6 3. e3 Bg7 4. d4 Nf6 5. Bd3 Nc6 6. c3 Bf5 7. 0-0 e6 8. Ne5 Nxe5 9. fxe5 Ng4 10. h3 h5 11. hxg4 hxg4 12. Bxf5 gxf5 13. Qe1 Qg5 14. Qg3 0-0-0 15. Na3 Rh4 16. e4 Qh5 17. exf5 Rh1+ 18. Kf2 Qxf5+ 19. Bf4 Bh6 20. Ke2 Qe4+ 21. Qe3 Rxf1 22. Qxe4 dxe4 23. Rxf1 Bf8 24. Nc2 c5 25. Ke3 f5 26. exf6 cxd4+ 27. Nxd4 Re8 28. Kxe4 e5 29. Bxe5 Bd6 30. Rf5 1-0

[Event "Roncana op-A 12th"]
[Site "Santa Eulalia de Roncana"]
[Date "2018.10.27"]
[Round "4"]
[White "Castaneda Munoz, Antonio"]
[Black "Torralba Brosa, Marc"]
[Result "0-1"]
[WhiteElo "1655"]
[BlackElo "1809"]
[PlyCount "62"]
[EventDate "2018.09.29"]
[EventType "swiss"]
[EventRounds "8"]
[EventCountry "ESP"]
[SourceTitle "CBM 187 Extra"]
[Source "ChessBase"]
[SourceDate "2018.11.04"]
[SourceVersion "1"]
[SourceVersionDate "2018.11.04"]
[SourceQuality "1"]

1. e4 c5 2. b3 Nf6 3. Nc3 d6 4. Bb2 g6 5. Nf3 Nc6 6. d4 cxd4 7. Nxd4 Bg7 8. Bb5 Bd7 9. Nd5 0-0 10. Nxf6+ exf6 11. 0-0 Nxd4 12. Bxd7 Nxc2 13. Rc1 Ne3 14. fxe3 Qxd7 15. Bxf6 Bxf6 16. Rxf6 Rad8 17. Qd5 Qe7 18. Rcf1 Rd7 19. R6f4 Rc8 20. Qd3 Qe5 21. Rd1 Rc3 22. Qd4 Rdc7 23. Rdf1 Rc2 24. Qxa7 Qb2 25. R4f2 Rxf2 26. Rxf2 Rc1+ 27. Rf1 Rc2 28. Qb8+ Kg7 29. Rxf7+ Kxf7 30. Qxb7+ Kf6 31. e5+ Qxe5 0-1

[Event "Montcada op-B 26th"]
[Site "Montcada"]
[Date "2018.07.02"]
[Round "9"]
[White "Castaneda Munoz, Antonio"]
[Black "Parra Bola, Jose Maria"]
[Result "1-0"]
[WhiteElo "1625"]
[BlackElo "1905"]
[PlyCount "55"]
[EventDate "2018.06.25"]
[EventType "swiss"]
[EventRounds "9"]
[EventCountry "ESP"]
[SourceTitle "EXT 2019"]
[Source "ChessBase"]
[SourceDate "2018.10.10"]
[SourceVersion "1"]
[SourceVersionDate "2018.10.10"]
[SourceQuality "1"]

1. e4 Nf6 2. e5 Nd5 3. Nc3 c6 4. Nf3 g6 5. Bc4 Nxc3 6. dxc3 Bg7 7. 0-0 0-0 8. Re1 b6 9. Bg5 Na6 10. Qd2 Nc5 11. Bh6 b5 12. Bxg7 Kxg7 13. Bd3 Bb7 14. Re3 Ne6 15. Re4 h6 16. Rae1 Rh8 17. Rg4 Nf8 18. Nd4 e6 19. f4 a6 20. f5 c5 21. f6+ Kg8 22. Re3 cxd4 23. Rh3 dxc3 24. bxc3 g5 25. Rh5 Ng6 26. h4 Nxe5 27. Rgxg5+ Kf8 28. Rg8+ 1-0

[Event "Montcada op-B 26th"]
[Site "Montcada"]
[Date "2018.06.30"]
[Round "7"]
[White "Castaneda Munoz, Antonio"]
[Black "Bernado Lopez, Roger"]
[Result "1-0"]
[WhiteElo "1625"]
[BlackElo "1790"]
[PlyCount "57"]
[EventDate "2018.06.25"]
[EventType "swiss"]
[EventRounds "9"]
[EventCountry "ESP"]
[SourceTitle "EXT 2019"]
[Source "ChessBase"]
[SourceDate "2018.10.10"]
[SourceVersion "1"]
[SourceVersionDate "2018.10.10"]
[SourceQuality "1"]

1. e4 c5 2. Nf3 g6 3. Bc4 Nc6 4. a3 Bg7 5. c3 e6 6. d4 cxd4 7. cxd4 Nge7 8. 0-0 d5 9. exd5 Nxd5 10. Nc3 Nb6 11. Bb5 0-0 12. Bxc6 bxc6 13. Re1 Rb8 14. Bf4 Rb7 15. Ne5 Bxe5 16. dxe5 Qxd1 17. Rexd1 Nd5 18. Bh6 Re8 19. Ne4 Rxb2 20. Rxd5 cxd5 21. Nf6+ Kh8 22. Nxe8 d4 23. Rc1 Ba6 24. h3 d3 25. Rc7 d2 26. Rxf7 d1Q+ 27. Kh2 Rxf2 28. Rxf2 Bd3 29. Rf8# 1-0

[Event "Montcada op-B 26th"]
[Site "Montcada"]
[Date "2018.06.28"]
[Round "4"]
[White "Castaneda Munoz, Antonio"]
[Black "Parra Ordorica, Gorka"]
[Result "0-1"]
[WhiteElo "1625"]
[BlackElo "1798"]
[PlyCount "76"]
[EventDate "2018.06.25"]
[EventType "swiss"]
[EventRounds "9"]
[EventCountry "ESP"]
[SourceTitle "EXT 2019"]
[Source "ChessBase"]
[SourceDate "2018.10.10"]
[SourceVersion "1"]
[SourceVersionDate "2018.10.10"]
[SourceQuality "1"]

1. e4 c5 2. Nf3 e6 3. d3 Qc7 4. g3 b6 5. Bg2 Bb7 6. 0-0 d6 7. Nbd2 Nf6 8. Re1 Nbd7 9. Nf1 Be7 10. Bf4 0-0 11. h4 Rac8 12. Qe2 Qb8 13. N1h2 Bd8 14. Bxd6 Qxd6 15. e5 Qb8 16. exf6 Nxf6 17. Ne5 Bxg2 18. Kxg2 Qb7+ 19. Kg1 Bc7 20. Nhf3 h6 21. c3 Rfd8 22. Rad1 a6 23. d4 cxd4 24. Nxd4 b5 25. Ndc6 Rxd1 26. Rxd1 Bxe5 27. Nxe5 Nd5 28. Rd4 Qa7 29. Qf3 b4 30. c4 Qxd4 31. Qxf7+ Kh8 32. Qxe6 Nb6 33. Nf7+ Kh7 34. Qf5+ g6 35. Qe6 Rxc4 36. Ne5 Rc1+ 37. Kh2 Qxf2+ 38. Kh3 Qf5+ 0-1

[Event "Llinars del Valles op 11th B"]
[Site "Llinars del Valles"]
[Date "2017.06.17"]
[Round "9.10"]
[White "Castaneda Munoz, Antonio"]
[Black "Gallego Andres, Carles"]
[Result "0-1"]
[WhiteElo "1568"]
[BlackElo "1411"]
[PlyCount "94"]
[EventDate "2017.04.22"]
[EventType "swiss"]
[EventRounds "9"]
[EventCountry "ESP"]
[SourceTitle "EXT 2024"]
[Source "ChessBase"]
[SourceDate "2023.10.10"]
[SourceVersion "1"]
[SourceVersionDate "2023.10.10"]
[SourceQuality "1"]

1. d4 Nf6 2. Nf3 d5 3. Bf4 Bf5 4. e3 e6 5. c3 Nbd7 6. h3 Bd6 7. Nbd2 Bxf4 8. exf4 h6 9. Ne5 Rc8 10. Ndf3 0-0 11. Bd3 Nxe5 12. fxe5 Ne4 13. g4 Bh7 14. Qc2 c5 15. Nd2 cxd4 16. Nxe4 dxe4 17. Bxe4 Bxe4 18. Qxe4 dxc3 19. bxc3 Qd5 20. Qxd5 exd5 21. Kd2 Rfe8 22. Rhe1 Rc4 23. Re3 Rec8 24. Rd3 R8c5 25. Rc1 b5 26. a3 Kf8 27. f3 Ke7 28. Ke3 g5 29. Rb1 Ke6 30. Rb4 Kxe5 31. Rxc4 Rxc4 32. Kd2 Ra4 33. Re3+ Kd6 34. Re8 Rxa3 35. Rh8 a5 36. Rxh6+ Ke5 37. Rb6 b4 38. cxb4 axb4 39. Ke2 b3 40. Kf2 Kd4 41. f4 Ra2+ 42. Kg3 gxf4+ 43. Kxf4 b2 44. h4 Kc3 45. h5 Ra4+ 46. Kf5 Rb4 47. Rc6+ Kd4 0-1

[Event "Llinars del Valles op 11th B"]
[Site "Llinars del Valles"]
[Date "2017.06.10"]
[Round "8.18"]
[White "Gomez Sanchez, Javier"]
[Black "Castaneda Munoz, Antonio"]
[Result "0-1"]
[WhiteElo "1364"]
[BlackElo "1568"]
[PlyCount "52"]
[EventDate "2017.04.22"]
[EventType "swiss"]
[EventRounds "9"]
[EventCountry "ESP"]
[SourceTitle "EXT 2024"]
[Source "ChessBase"]
[SourceDate "2023.10.10"]
[SourceVersion "1"]
[SourceVersionDate "2023.10.10"]
[SourceQuality "1"]

1. e4 e5 2. Bc4 Nf6 3. d3 d5 4. exd5 Nxd5 5. Nf3 Nc6 6. 0-0 Bg4 7. Re1 Bc5 8. Bf4 Nxf4 9. c3 0-0 10. a3 a6 11. d4 exd4 12. Re4 Be6 13. Rxf4 Bxc4 14. cxd4 Bd6 15. Rg4 Be6 16. Re4 Re8 17. Nc3 Bf5 18. Rxe8+ Qxe8 19. d5 Rd8 20. Qc1 Ne5 21. Nd4 Bg6 22. Qg5 h6 23. Qd2 Nc4 24. Qc1 Qe5 25. Nf3 Qe8 26. Na4 Qxa4 0-1

[Event "Llinars del Valles op-B 10th"]
[Site "Llinars del Valles"]
[Date "2016.04.23"]
[Round "4"]
[White "Castaneda Munoz, Antonio"]
[Black "Santiveri Papiol, Noemi"]
[Result "1-0"]
[WhiteElo "1677"]
[BlackElo "1242"]
[PlyCount "69"]
[EventDate "2016.04.02"]
[EventType "swiss"]
[EventRounds "9"]
[EventCountry "ESP"]
[SourceTitle "CBM 172 Extra"]
[Source "ChessBase"]
[SourceDate "2016.06.21"]
[SourceVersion "1"]
[SourceVersionDate "2016.06.21"]
[SourceQuality "1"]

1. e4 e5 2. Nf3 Nc6 3. Bc4 Be7 4. 0-0 d6 5. c3 Be6 6. Bxe6 fxe6 7. d4 exd4 8. cxd4 d5 9. exd5 exd5 10. Re1 Kd7 11. Nc3 Kc8 12. Qe2 Nh6 13. Qe6+ Qd7 14. Nxd5 Qxe6 15. Rxe6 Kd7 16. Re4 Nf5 17. Bf4 Rac8 18. Rae1 Rhe8 19. Ne5+ Nxe5 20. dxe5 Ke6 21. Ne3 g6 22. Nxf5 gxf5 23. Rd4 Rcd8 24. Red1 Rxd4 25. Rxd4 Rd8 26. Rxd8 Bxd8 27. Bg3 Bg5 28. f4 Be7 29. Kf2 c5 30. Ke3 b5 31. Kd3 a5 32. b3 a4 33. bxa4 b4 34. Kc4 Kd7 35. Bf2 1-0

[Event "Llinars del Valles op-B 10th"]
[Site "Llinars del Valles"]
[Date "2016.04.09"]
[Round "2"]
[White "Castaneda Munoz, Antonio"]
[Black "Sierra Macias, Adan"]
[Result "0-1"]
[WhiteElo "1677"]
[BlackElo "1111"]
[PlyCount "92"]
[EventDate "2016.04.02"]
[EventType "swiss"]
[EventRounds "9"]
[EventCountry "ESP"]
[SourceTitle "CBM 172 Extra"]
[Source "ChessBase"]
[SourceDate "2016.06.21"]
[SourceVersion "1"]
[SourceVersionDate "2016.06.21"]
[SourceQuality "1"]

1. e4 c5 2. d3 e6 3. Nf3 d6 4. g3 Be7 5. Bg2 Nf6 6. 0-0 0-0 7. Nbd2 e5 8. Re1 Qc7 9. Nf1 b5 10. Bg5 Nbd7 11. Ne3 h6 12. Bxf6 Nxf6 13. Rc1 Bb7 14. Qd2 Rfe8 15. Nh4 a5 16. Nef5 Bf8 17. f4 Qb6 18. c4 exf4 19. Qxf4 bxc4 20. dxc4 g6 21. Nxh6+ Bxh6 22. Qxh6 Qxb2 23. Rf1 Bxe4 24. Bxe4 Ng4 25. Rc2 Qd4+ 26. Rcf2 Nxh6 27. Bxa8 Ng4 28. Bd5 Nxf2 29. Nf3 Nh3+ 30. Kg2 Qg4 31. Bxf7+ Kg7 32. Bxe8 Qe4 33. Re1 Qg4 34. Bc6 Ng5 35. Re7+ Kf6 36. Re8 Nxf3 37. Bxf3 Qxc4 38. Rf8+ Ke7 39. Ra8 Qxa2+ 40. Kh3 Qc2 41. Rxa5 Qd3 42. Ra7+ Kf6 43. Bc6 Qf1+ 44. Kh4 g5+ 45. Kg4 Qf5+ 46. Kh5 Qh3# 0-1

[Event "Sabadell Coral Colon op 10th"]
[Site "Sabadell"]
[Date "2016.01.22"]
[Round "1"]
[White "Campos Cayuelas, Adria"]
[Black "Castaneda Munoz, Antonio"]
[Result "1-0"]
[WhiteElo "1959"]
[BlackElo "1677"]
[PlyCount "23"]
[EventDate "2016.01.22"]
[EventType "swiss"]
[EventRounds "9"]
[EventCountry "ESP"]
[SourceTitle "EXT 2017"]
[Source "ChessBase"]
[SourceDate "2016.10.25"]
[SourceVersion "1"]
[SourceVersionDate "2016.10.25"]
[SourceQuality "1"]

1. e4 e5 2. Nc3 c6 3. Bc4 Nf6 4. f4 d5 5. exd5 Nxd5 6. Qe2 Nxf4 7. Qxe5+ Ne6 8. Nf3 Bc5 9. Bxe6 0-0 10. Qxc5 Bxe6 11. 0-0 Nd7 12. Qf2 1-0

[Event "Llinars del Valles op-B 8th"]
[Site "Llinars del Valles"]
[Date "2015.05.30"]
[Round "7"]
[White "Castaneda Munoz, Antonio"]
[Black "Mallol Descarrega, Aleix"]
[Result "1-0"]
[WhiteElo "1916"]
[BlackElo "1823"]
[PlyCount "97"]
[EventDate "2015.04.11"]
[EventType "swiss"]
[EventRounds "9"]
[EventCountry "ESP"]
[SourceTitle "EXT 2016"]
[Source "ChessBase"]
[SourceDate "2015.10.08"]
[SourceVersion "1"]
[SourceVersionDate "2015.10.08"]
[SourceQuality "1"]

1. e4 e5 2. Nf3 Nc6 3. d4 exd4 4. Nxd4 Nf6 5. Nc3 Bb4 6. Nxc6 bxc6 7. Bd3 Qe7 8. 0-0 0-0 9. Bg5 Bxc3 10. bxc3 Qe5 11. Qd2 Nxe4 12. Bxe4 Qxe4 13. Rfe1 Qg6 14. Re7 f6 15. Bf4 Re8 16. Qe2 Rxe7 17. Qxe7 h6 18. Qd8+ Kh7 19. Qxc7 Qxc2 20. Qa5 Qe4 21. Be3 Rb8 22. h3 Rb1+ 23. Rxb1 Qxb1+ 24. Kh2 Qb8+ 25. g3 a6 26. Qf5+ Kg8 27. Qg6 Qe5 28. Bxh6 f5 29. Be3 Qxc3 30. Qe8+ Kh7 31. Qxc8 Qd3 32. Qd8 Qd5 33. Qh4+ Kg8 34. Qd4 Qxd4 35. Bxd4 d6 36. Kg2 Kf7 37. Kf3 c5 38. Bc3 g6 39. h4 Ke6 40. Ke3 d5 41. Bg7 d4+ 42. Kd3 Kd5 43. f3 c4+ 44. Kc2 d3+ 45. Kc3 a5 46. a4 Ke6 47. Kd2 Kd5 48. Bc3 Kc5 49. Bxa5 1-0

[Event "Llinars del Valles op-B 8th"]
[Site "Llinars del Valles"]
[Date "2015.04.25"]
[Round "3"]
[White "Castaneda Munoz, Antonio"]
[Black "Gonzalez Garcia, Sergi"]
[Result "0-1"]
[WhiteElo "1916"]
[BlackElo "1977"]
[PlyCount "78"]
[EventDate "2015.04.11"]
[EventType "swiss"]
[EventRounds "9"]
[EventCountry "ESP"]
[SourceTitle "EXT 2016"]
[Source "ChessBase"]
[SourceDate "2015.10.08"]
[SourceVersion "1"]
[SourceVersionDate "2015.10.08"]
[SourceQuality "1"]

1. e4 e5 2. Nf3 Nc6 3. Bc4 Bc5 4. c3 Qe7 5. d3 Nf6 6. 0-0 d6 7. Nbd2 0-0 8. h3 Be6 9. Ng5 Bxc4 10. Nxc4 b5 11. Ne3 g6 12. Nd5 Nxd5 13. exd5 Nb8 14. Qf3 Nd7 15. Ne4 Bb6 16. Re1 f5 17. Ng5 Nf6 18. Ne6 Rfe8 19. Bg5 Qf7 20. Bxf6 Qxf6 21. c4 bxc4 22. dxc4 c6 23. b3 cxd5 24. cxd5 Rac8 25. Rac1 Qh4 26. Qe2 Qb4 27. Rc4 Rxc4 28. bxc4 Rb8 29. Rc1 Qa3 30. Qc2 Bxf2+ 31. Qxf2 Qxc1+ 32. Kh2 Rb7 33. Qh4 g5 34. Qh6 Rf7 35. Nxg5 Qf4+ 36. Kh1 Qf1+ 37. Kh2 Rg7 38. Qe6+ Kh8 39. Qf6 Qf4+ 0-1

[Event "Llinars del Valles op-B 8th"]
[Site "Llinars del Valles"]
[Date "2015.04.11"]
[Round "1"]
[White "Castaneda Munoz, Antonio"]
[Black "Jorda Ottens, Marc"]
[Result "1-0"]
[WhiteElo "1916"]
[BlackElo "1794"]
[PlyCount "109"]
[EventDate "2015.04.11"]
[EventType "swiss"]
[EventRounds "9"]
[EventCountry "ESP"]
[SourceTitle "EXT 2016"]
[Source "ChessBase"]
[SourceDate "2015.10.08"]
[SourceVersion "1"]
[SourceVersionDate "2015.10.08"]
[SourceQuality "1"]

1. e4 c5 2. Nf3 d6 3. d4 cxd4 4. Qxd4 Nc6 5. Bb5 Bd7 6. Bxc6 Bxc6 7. 0-0 Nf6 8. Nc3 g6 9. Nd5 Bg7 10. Bg5 Bxd5 11. Bxf6 Bxf6 12. Qxd5 Qb6 13. e5 dxe5 14. Nxe5 Bxe5 15. Qxe5 f6 16. Qe4 Qc6 17. Rae1 Qxe4 18. Rxe4 Kf7 19. Rfe1 Rhe8 20. f4 Rac8 21. c3 Rc5 22. Rd4 Rc7 23. Red1 Rec8 24. Rd8 Ke6 25. Re1+ Kf7 26. Rd4 Re8 27. Kf2 Rec8 28. g4 Rc4 29. Red1 Ke6 30. Kf3 Rxd4 31. Rxd4 b6 32. h4 h6 33. Re4+ Kf7 34. Rd4 Ke6 35. Ke3 f5 36. g5 hxg5 37. fxg5 Rh8 38. Kf3 Rc8 39. Kf4 Rh8 40. Kg3 Rc8 41. Kf3 Rh8 42. b4 b5 43. c4 bxc4 44. Rxc4 Kd6 45. b5 e6 46. Kg3 Rb8 47. a4 Rh8 48. Rc6+ Kd7 49. Ra6 Ra8 50. b6 Kc8 51. bxa7 Kd7 52. Kf4 e5+ 53. Kf3 Ke7 54. Rxg6 Rxa7 55. Rg7+ 1-0

[Event "Roncana op-B 8th"]
[Site "Santa Eulalia de Roncana"]
[Date "2014.11.01"]
[Round "3"]
[White "Castaneda Munoz, Antonio"]
[Black "Sentis Baena, Samuel"]
[Result "1-0"]
[WhiteElo "1867"]
[BlackElo "1740"]
[PlyCount "57"]
[EventDate "2014.10.11"]
[EventType "swiss"]
[EventRounds "8"]
[EventCountry "ESP"]
[SourceTitle "EXT 2016"]
[Source "ChessBase"]
[SourceDate "2015.10.08"]
[SourceVersion "1"]
[SourceVersionDate "2015.10.08"]
[SourceQuality "1"]

1. e4 e5 2. Bc4 Nf6 3. Nc3 d6 4. Nf3 Bg4 5. 0-0 Nc6 6. h3 Bh5 7. Be2 Bxf3 8. Bxf3 Nd4 9. d3 Be7 10. Bg5 h6 11. Bxf6 gxf6 12. Nd5 c6 13. Nxe7 Qxe7 14. Bg4 Ne6 15. c3 0-0-0 16. d4 Kb8 17. d5 Nc5 18. Re1 h5 19. Bf5 Rdg8 20. b4 Nd7 21. dxc6 bxc6 22. Rb1 Nb6 23. a4 Qf8 24. b5 Qg7 25. Qxd6+ Kb7 26. bxc6+ Ka6 27. Qd3+ Nc4 28. Qxc4+ Ka5 29. Qb5# 1-0